00000000nam##2200000za#4500
0019.603857
003CaOODSP
00520210624211301
007cr |||||||||||
008150406|2004||||xxc|||||o    f|0| 0 fre|d
040 |aCaOODSP|bfre
043 |an-cn---
0861 |aH117-4/4-2004F-PDF
1101 |aCanada. |bInstitut canadien d'information sur la santé.
24510|aHospitalisations pour tentatives de suicide et blessures auto-infligées au Canada, 2001-2002 / |h[ressource électronique]
260 |aOttawa - Ontario : |bInstitut canadien d'information sur la santé |cOctobre 2004.
300 |a12p.|bfigures en couleur, graphiques, références, tableaux
4901 |aBulletin analytique, Registre national des traumatismes
590 |a12-19-Supp|b2012-04-30
77508|tHospitalizations due to suicide attempts and self-inflicted injury in Canada, 2001-2002 / |w(CaOODSP)9.573817
830#0|aBulletin analytique, Registre national des traumatismes.|w(CaOODSP)9.503382
85640|ahttp://publications.gc.ca|qPDF|s151 Ko|uhttps://publications.gc.ca/collections/collection_2012/icis-cihi/H117-4-4-2004-fra.pdf